00516nam a2200133Ia 45000010005000000080041000050820027000461000087000732450154001602600018003145900007003329010028003399990015003673063241024s9999 xx 000 0 und d aRD/370.97296/R426s/1-2 aRepública Dominicana. Ministerio de Educación. Consejo Nacional de Educación 0aPrimera sesión ordinaria , 1era. y 2da. Normas del Sistema Educativo Dominicano para la convivencia en los centros educativos públicos y privados bSanto Domingo asi a24/7/2013 10:22:43 a.m. c8953d8953